[Event "Druga liga CS - zapad 2014"]
[Site "Sabac"]
[Date "2014.09.26"]
[Round "3.5"]
[White "Irizanin, Radoje"]
[Black "Toth, Aleksandar*"]
[Result "0-1"]
[WhiteElo "2330"]
[BlackElo "2326"]
[PlyCount "102"]
[EventDate "2014.09.25"]

1. d4 d5 2. Nf3 Nf6 3. Bf4 c5 4. e3 Nbd7 5. c3 g6 6. Nbd2 Bg7 7. Bd3 O-O 8. h4
Qb6 9. Rb1 h5 10. Ng5 Re8 11. Ndf3 Ng4 12. Bc2 cxd4 13. cxd4 Qb4+ 14. Nd2 e5
15. dxe5 Ndxe5 16. O-O Bd7 17. Ndf3 Bb5 18. Nxe5 Nxe5 19. a3 Qe7 20. Re1 Rad8
21. a4 Ba6 22. b3 Ng4 23. Bd3 Bxd3 24. Qxd3 d4 25. e4 Be5 26. Bd2 Bf6 27. Rbc1
Ne5 28. Qg3 d3 29. Rc3 Rc8 30. Rec1 Rxc3 31. Rxc3 Rd8 32. f3 Nc6 33. Rc4 Nd4
34. Qc7 Nxb3 35. Bb4 Qxc7 36. Rxc7 Bxg5 37. hxg5 d2 38. Bxd2 Nxd2 39. Rxb7 a5
40. Kf2 Nc4 41. Rc7 Nb6 42. Rb7 Nxa4 43. Ra7 Rd2+ 44. Kg3 Nc3 45. Rxa5 Ne2+ 46.
Kf2 Rb2 47. Ke3 h4 48. Ra1 Ng3 49. Rg1 Rb5 50. Re1 Rxg5 51. Kf4 f6 0-1

[Event "Druga liga CS - zapad 2014"]
[Site "Sabac"]
[Date "2014.09.26"]
[Round "3.5"]
[White "Krstic, Petar*"]
[Black "Smolovic, Mile"]
[Result "1/2-1/2"]
[WhiteElo "2326"]
[BlackElo "2325"]
[PlyCount "48"]
[EventDate "2014.09.25"]

1. d4 Nf6 2. Nf3 d6 3. c4 g6 4. Nc3 Bf5 5. g3 Ne4 6. Nxe4 Bxe4 7. Bg2 Bg7 8.
O-O O-O 9. Be3 d5 10. c5 Nc6 11. Qd2 e5 12. dxe5 Nxe5 13. Nxe5 Bxe5 14. Bxe4
dxe4 15. Qb4 Qd5 16. Rfd1 Qc6 17. Rd2 Rfd8 18. Rad1 Bf6 19. Rxd8+ Rxd8 20.
Rxd8+ Bxd8 21. Bd4 b6 22. Qc3 Be7 23. cxb6 Qxc3 24. Bxc3 cxb6 1/2-1/2

[Event "Druga liga CS - zapad 2014"]
[Site "Sabac"]
[Date "2014.09.26"]
[Round "3.5"]
[White "Mirkovic, Stevan*"]
[Black "Jovanovic, Miroslav O*"]
[Result "1-0"]
[WhiteElo "2297"]
[BlackElo "2066"]
[PlyCount "113"]
[EventDate "2014.09.25"]

1. Nf3 d5 2. d4 Nf6 3. c4 c6 4. Nc3 e6 5. Bg5 Nbd7 6. e3 Qa5 7. cxd5 exd5 8.
Bd3 Be7 9. O-O O-O 10. Ne5 Qd8 11. f4 Re8 12. Qc2 Nf8 13. h3 N6d7 14. Bxe7 Qxe7
15. Rae1 Nf6 16. Qf2 Ne4 17. Bxe4 dxe4 18. f5 Nd7 19. Nxd7 Bxd7 20. f6 Qxf6 21.
Qxf6 gxf6 22. Rxf6 Re6 23. Ref1 Rxf6 24. Rxf6 Kg7 25. Rf4 Be6 26. Rxe4 b5 27.
a3 a5 28. Re5 Rb8 29. Ne2 a4 30. Nc3 Bb3 31. Rc5 Re8 32. Kf2 Re6 33. Ne2 Rd6
34. g4 Bd5 35. Nf4 Be4 36. Kg3 f6 37. Nh5+ Kf7 38. Kf4 Bd3 39. Ng3 Re6 40. e4
Kg6 41. h4 Rd6 42. d5 cxd5 43. Rxd5 Rxd5 44. exd5 Kf7 45. g5 Bc4 46. Ne4 fxg5+
47. Nxg5+ Ke7 48. Ke5 h6 49. Ne4 Kd7 50. Nf6+ Kc7 51. Ng4 h5 52. Nf6 Be2 53.
Ke6 Kd8 54. Kd6 Bf3 55. Ke6 Be2 56. Ne4 Bc4 57. Ng3 1-0

[Event "Druga liga CS - zapad 2014"]
[Site "Sabac"]
[Date "2014.09.26"]
[Round "3.5"]
[White "Jovanovic, Obrad"]
[Black "Gavrilovic, Leonardo"]
[Result "0-1"]
[WhiteElo "2128"]
[BlackElo "2225"]
[PlyCount "88"]
[EventDate "2014.09.25"]

1. Nf3 Nf6 2. g3 c5 3. d3 Nc6 4. Bg2 d5 5. O-O e6 6. Nbd2 Be7 7. e4 O-O 8. e5
Ng4 9. Re1 f6 10. exf6 Nxf6 11. c3 e5 12. Nxe5 Nxe5 13. Rxe5 Bd6 14. Re1 Bf5
15. Nf1 Qd7 16. Ne3 Bh3 17. Nxd5 Bxg2 18. Nxf6+ Rxf6 19. Kxg2 Raf8 20. Be3 Qc6+
21. Kg1 Rf3 22. d4 h5 23. Qe2 c4 24. Rad1 Qd5 25. Rf1 h4 26. Rde1 Re8 27. Qd2
h3 28. Qc2 Re6 29. b3 b5 30. bxc4 bxc4 31. Qd2 Rg6 32. Re2 Rgf6 33. Ree1 Rg6
34. Re2 Rg4 35. a4 Rg6 36. Rb1 a6 37. Qb2 Rf8 38. Qb7 Qf5 39. Rbe1 Rf7 40. Qh1
Re6 41. Bd2 Ree7 42. Be3 Qd3 43. Qd5 g6 44. Rd2 Rxe3 0-1

[Event "Druga liga CS - zapad 2014"]
[Site "Sabac"]
[Date "2014.09.26"]
[Round "3.5"]
[White "Matovic, Petar"]
[Black "Bojovic, Zoran"]
[Result "1/2-1/2"]
[WhiteElo "2213"]
[BlackElo "2083"]
[PlyCount "35"]
[EventDate "2014.09.25"]

1. d4 Nf6 2. c4 g6 3. Nc3 Bg7 4. e4 d6 5. f4 O-O 6. Nf3 a6 7. Be2 c5 8. d5 b5
9. cxb5 axb5 10. Bxb5 Ba6 11. Bxa6 Rxa6 12. O-O Nbd7 13. Qc2 Nb6 14. Rb1 Qa8
15. a3 Rc8 16. h3 Na4 17. Nd1 Nd7 18. b3 1/2-1/2

[Event "Druga liga CS - zapad 2014"]
[Site "Sabac"]
[Date "2014.09.26"]
[Round "3.5"]
[White "Djukic, Sinisa"]
[Black "Andjelic, Stevan"]
[Result "1/2-1/2"]
[WhiteElo "2041"]
[BlackElo "2102"]
[PlyCount "70"]
[EventDate "2014.09.25"]

1. d4 d5 2. Nf3 Nf6 3. Bg5 c6 4. c3 Qb6 5. Qb3 Qxb3 6. axb3 Ne4 7. Bf4 Nd7 8.
Nbd2 Ndf6 9. Nxe4 Nxe4 10. Nd2 Nxd2 11. Kxd2 g6 12. e3 Bg7 13. b4 Bd7 14. Bd3
O-O 15. e4 e6 16. exd5 exd5 17. Rhe1 Bf6 18. Bd6 Rfe8 19. Rxe8+ Bxe8 20. f4 Bd7
21. Ke3 a6 22. Kf2 Re8 23. Re1 Rxe1 24. Kxe1 Bd8 25. Kf2 f5 26. g3 Kf7 27. Be5
Be7 28. Be2 Bd8 29. h4 h5 30. Ke3 Be6 31. Kd2 Ke7 32. Kc2 Kd7 33. Bf3 Be7 34.
Be2 Bd8 35. Bf1 Be7 1/2-1/2

[Event "Druga liga CS - zapad 2014"]
[Site "Sabac"]
[Date "2014.09.26"]
[Round "3.6"]
[White "Marceta, Predrag"]
[Black "Vujic, Mihailo"]
[Result "0-1"]
[WhiteElo "2285"]
[BlackElo "2337"]
[PlyCount "86"]
[EventDate "2014.09.25"]

1. e4 e5 2. Nf3 Nc6 3. d4 exd4 4. Nxd4 Nf6 5. Nxc6 bxc6 6. e5 Qe7 7. Qe2 Nd5 8.
c4 Ba6 9. b3 Qh4 10. Bb2 Bb4+ 11. Nd2 Nc3 12. Bxc3 Bxc3 13. Rc1 Qd4 14. Qd3
Qxd3 15. Bxd3 Bxe5 16. O-O O-O 17. Nf3 Bf6 18. Rfd1 c5 19. Bf5 d6 20. Be4 Rae8
21. Re1 Bc8 22. Bc6 Rxe1+ 23. Rxe1 Be6 24. Nd2 Bc3 25. Re2 Bxd2 26. Rxd2 Rb8
27. f4 Rb6 28. Ba4 g6 29. Kf2 Kg7 30. Ke3 Kf6 31. Kf3 h5 32. h3 h4 33. Ke3 Ke7
34. Rc2 c6 35. Rc1 Kd7 36. Rc2 Kc7 37. Rc1 Rb8 38. Rc2 Re8 39. Kf3 Bf5 40. Rd2
Re1 41. Kf2 Ra1 42. Kf3 Rc1 43. Re2 Rc3+ 0-1

[Event "Druga liga CS - zapad 2014"]
[Site "Sabac"]
[Date "2014.09.26"]
[Round "3.6"]
[White "Kurcubic, Aleksandar"]
[Black "Markovic, Dragan P"]
[Result "1/2-1/2"]
[WhiteElo "2251"]
[BlackElo "2215"]
[PlyCount "69"]
[EventDate "2014.09.25"]

1. Nf3 d5 2. d4 Nf6 3. g3 e6 4. Bg2 Be7 5. O-O O-O 6. b3 c5 7. dxc5 Bxc5 8. Bb2
Nbd7 9. Nbd2 b6 10. c4 Bb7 11. Ne1 Rb8 12. cxd5 Bxd5 13. Ndf3 Qe7 14. Nd3 Ba3
15. Qc1 Bxb2 16. Qxb2 Rbc8 17. Rac1 Be4 18. Rfd1 Rfd8 19. Nfe1 Bxg2 20. Nxg2
Nb8 21. Ne3 Qb7 22. Ne5 Rxd1+ 23. Rxd1 Qc7 24. Qd4 h6 25. h4 Nc6 26. Nxc6 Qxc6
27. f3 Qc7 28. Kf2 Kf8 29. b4 Ke7 30. a3 Rd8 31. Qxd8+ Qxd8 32. Rxd8 Kxd8 33.
Nc4 Ne8 34. Ke3 f6 35. Kd3 1/2-1/2

[Event "Druga liga CS - zapad 2014"]
[Site "Sabac"]
[Date "2014.09.26"]
[Round "3.6"]
[White "Milovanovic, Nenad"]
[Black "Marinkovic, Zoran"]
[Result "1/2-1/2"]
[WhiteElo "2160"]
[BlackElo "2240"]
[PlyCount "118"]
[EventDate "2014.09.25"]

1. e4 c5 2. Nf3 Nc6 3. d3 g6 4. g3 Bg7 5. Bg2 e6 6. O-O Nge7 7. Nbd2 O-O 8. Re1
d6 9. c3 e5 10. Nf1 b5 11. a3 Rb8 12. h4 h6 13. N3h2 Kh7 14. Ne3 Be6 15. Nd5
Qd7 16. h5 g5 17. f4 gxf4 18. gxf4 f5 19. Be3 c4 20. Nxe7 Nxe7 21. d4 exf4 22.
Bxf4 fxe4 23. Bxe4+ Kh8 24. Qd2 Rg8 25. Kh1 Rbf8 26. Bxh6 Nf5 27. Bf4 Bh6 28.
Rg1 Bxf4 29. Qxf4 Ng3+ 30. Qxg3 Rxg3 31. Rxg3 Rf4 32. Bf3 Qf7 33. Rag1 a5 34.
Rg6 Rf6 35. Rg8+ Qxg8 36. Rxg8+ Kxg8 37. Kg2 Bd7 38. Kf2 Kg7 39. Ke3 Re6+ 40.
Kd2 Kf6 41. a4 Kg5 42. Bg4 Re7 43. Bxd7 Rxd7 44. axb5 Rb7 45. h6 Rxb5 46. Kc2
Kf4 47. Nf1 a4 48. h7 Rh5 49. d5 Rxh7 50. Nd2 Rh2 51. Kc1 Rh1+ 52. Kc2 Rh2 53.
Kc1 Rxd2 54. Kxd2 Kf3 55. Kc2 Ke3 56. Kb1 Ke4 57. Ka2 Kxd5 58. Ka3 Kc5 59. Kxa4
d5 1/2-1/2

[Event "Druga liga CS - zapad 2014"]
[Site "Sabac"]
[Date "2014.09.26"]
[Round "3.6"]
[White "Osatovic, Aleksandar*"]
[Black "Dimitrijevic, Milorad"]
[Result "0-1"]
[WhiteElo "2053"]
[BlackElo "2101"]
[PlyCount "132"]
[EventDate "2014.09.25"]

1. d4 Nf6 2. c4 e6 3. Nf3 d5 4. Nc3 Be7 5. cxd5 exd5 6. Bg5 Nbd7 7. e3 h6 8.
Bf4 c6 9. h3 Qa5 10. Bd3 O-O 11. O-O b5 12. a4 b4 13. Ne2 c5 14. b3 Ba6 15.
Bxa6 Qxa6 16. dxc5 Nxc5 17. Ned4 Rfd8 18. Ne5 Rac8 19. Rc1 Bf8 20. Qf3 Nfe4 21.
Nf5 Qf6 22. Qg4 h5 23. Qxh5 g6 24. Nh6+ Kh7 25. Qd1 Bxh6 26. Ng4 Qe6 27. Bxh6
f5 28. Qd4 Qe7 29. f3 Nxb3 30. Bg5 Qxg5 31. Qxa7+ Kg8 32. Rxc8 Rxc8 33. fxe4
fxg4 34. h4 Qxh4 35. Qf7+ Kh8 36. Qe6 Rg8 37. Qe5+ Rg7 38. Rf8+ Kh7 39. g3 Qe7
40. Qb8 g5 41. Rh8+ Kg6 42. Qb6+ Kf7 43. exd5 Qd7 44. Qxb4 Qxd5 45. Qf8+ Kg6
46. Qe8+ Rf7 47. Rf8 Qd1+ 48. Kg2 Qf1+ 49. Kh2 Qh3+ 50. Kg1 Qxg3+ 51. Kh1 Qf3+
52. Kg1 g3 53. Qxf7+ Qxf7 54. Rxf7 Kxf7 55. Kg2 Na5 56. Kxg3 Nc4 57. Kg4 Kf6
58. Kf3 Kf5 59. e4+ Kf6 60. Kg3 Nd2 61. e5+ Kxe5 62. a5 Nc4 63. a6 Kf5 64. a7
Nb6 65. Kf3 g4+ 66. Ke3 Na8 0-1

[Event "Druga liga CS - zapad 2014"]
[Site "Sabac"]
[Date "2014.09.26"]
[Round "3.6"]
[White "Zecevic, Igor*"]
[Black "Stevanovic, Milos**"]
[Result "1/2-1/2"]
[WhiteElo "1952"]
[BlackElo "1611"]
[PlyCount "158"]
[EventDate "2014.09.25"]

1. d4 Nf6 2. c4 g6 3. Nc3 d5 4. cxd5 Nxd5 5. e4 Nxc3 6. bxc3 Bg7 7. Nf3 O-O 8.
Be3 c5 9. Rc1 Nc6 10. Be2 Qa5 11. Qd2 Rd8 12. d5 Bg4 13. c4 b6 14. Qxa5 Nxa5
15. Nd2 Bxe2 16. Kxe2 Rd7 17. f4 e6 18. Rhd1 exd5 19. exd5 Re8 20. Kf3 Nb7 21.
Bf2 Rde7 22. Re1 Rxe1 23. Bxe1 Bd4 24. Bf2 Bxf2 25. Kxf2 Nd6 26. Re1 Kf8 27.
Rxe8+ Kxe8 28. a4 a6 29. Ke3 Ke7 30. Kd3 f6 31. Ne4 Nb7 32. h3 h5 33. h4 Kf7
34. Nd2 Nd6 35. a5 bxa5 36. Nb3 Nb7 37. Kc3 Ke7 38. Nd2 Nd6 39. Kb3 Kd7 40. Ka4
Nb7 41. Nb3 Kd6 42. Nxa5 Nd8 43. Nb3 Nb7 44. Nd2 Kd7 45. Kb3 Nd6 46. Ka4 Nb7
47. Ne4 Ke7 48. Kb3 Na5+ 49. Kc3 Nb7 50. Kd3 Kf7 51. Nc3 Ke7 52. Nd1 Kd7 53.
Ne3 Nd6 54. g4 hxg4 55. Nxg4 Ke7 56. Ne3 Kf7 57. Kc3 Ne4+ 58. Kb3 Nd6 59. Ka4
Nb7 60. f5 gxf5 61. Nxf5 Kg6 62. Ng3 f5 63. Ne2 Kh5 64. Ng3+ Kxh4 65. Nxf5+ Kg5
66. Ne7 Kf6 67. Nc6 Nd6 68. Kb3 Nb7 69. Nb8 a5 70. Nc6 Kf7 71. Ka4 Ke8 72. Nxa5
Nd6 73. Kb3 Kd7 74. Nc6 Kc7 75. Ne5 Ne4 76. Ka4 Nc3+ 77. Ka5 Nxd5 78. cxd5 Kd6
79. Kb5 Kxd5 1/2-1/2

[Event "Druga liga CS - zapad 2014"]
[Site "Sabac"]
[Date "2014.09.26"]
[Round "3.6"]
[White "Kikanovic, Zivota"]
[Black "Vuckovic, Danilo**"]
[Result "1-0"]
[WhiteElo "2147"]
[BlackElo "1698"]
[PlyCount "105"]
[EventDate "2014.09.25"]

1. Nf3 Nf6 2. g3 c5 3. Bg2 g6 4. b3 Bg7 5. Bb2 O-O 6. O-O Nc6 7. d3 d5 8. Nbd2
Bg4 9. Ne5 Nxe5 10. Bxe5 Qd7 11. Re1 Bh3 12. Bh1 Ng4 13. Bxg7 Kxg7 14. e4 d4
15. Nf3 h6 16. Bg2 Bxg2 17. Kxg2 f6 18. Nh4 Rae8 19. h3 Ne5 20. f4 Nc6 21. f5
g5 22. Qh5 Ne5 23. Ng6 Rg8 24. Nxe5 fxe5 25. Qg6+ Kf8 26. Qxh6+ Kf7 27. Qh5+
Kf8 28. Qh6+ Kf7 29. Rf1 Qd6 30. Qxd6 exd6 31. Rh1 Rh8 32. h4 g4 33. Kf2 Ke7
34. Ke2 b6 35. Kd2 Rd8 36. a3 Rd7 37. b4 b5 38. a4 a6 39. axb5 axb5 40. Ra5 Rb7
41. bxc5 dxc5 42. Ra6 Kd7 43. Rb1 Rh7 44. Rg6 b4 45. Ra1 b3 46. cxb3 Rh8 47.
Kc2 Rhb8 48. Ra3 Ke8 49. Re6+ Re7 50. Raa6 Kf7 51. Rxe7+ Kxe7 52. Re6+ Kf7 53.
Rxe5 1-0